1278 1320 1388 1632 1617 1959 1013 1671 1572 1988 1312 1017 1163 1078 1209 1227 1813 1301 1844 1037 1423 1583 1718 1508 1053 1675 1243 1497 1481 1904 1340 1177 1678 1354 1412 1983 1387 1273 1821 1395 1277 1238 1763 1927 1311 1935 1962 1804 1590 1162 1550 1839 1711 1041 1893 1404 1507 1690 1379 1513 1448 1340 1559 1049 1302 1152 1356 1789 1102 1598 1267 1164 1645 1043 1471 1714 1004 1328 1198 1714 1590 1352 1858 1013 1973 1955 1613 1013 1974 1282 1614 1362 1049 1181 1068 1749 1762 1604 1242 BCNSPRNW ULIB Ver.6.0+V

เปลี่ยนเป็นภาษาไทย

Change to English
 แสดงรายละเอียดบรรณานุกรม
  กลับหน้าหลัก

Brief Record : Get Marc (ISO 2709) : E-mail record : QR code < ปิดหน้าต่าง
LEADER : 00000nam a2200000Ia 4500
001    13399128087
003     ULIB
008    211006s2564 th a b 001 0 tha d
020    ^a9786165828123
040    ^absi
060 04 ^aWB460^bอ251ก
100 0  ^aอภิชัย วรรธนะพิศิษฐ์
245 10 ^aการส่งเสริมกิจกรรมทางกายและการให้คำปรึกษากิจกรรมทางกายในเวชศาสตร์ครอบครัว =^bPhysical activity promotion and physicalactivity counselling in family medicine /^cอภิชัยวรรธนะพิศิษฐ์
246 31 ^aPhysical activity promotion and physical activitycounselling in family medicine
250    ^aพิมพ์ครั้งที่ 1
260    ^aนครศรีธรรมราช :^bสำนักวิชาแพทยศาสตร์ มหาวิทยาลัยวลัยลักษณ์,^c2564
300    ^a(16), 216 หน้า :^bภาพประกอบ ;^c26 ซม.
504    ^aบรรณานุกรมท้ายบทและดรรชนีท้ายเล่ม
505 0  ^aแนวคิดกิจกรรมทางกายและสุขภาพในเวชศาสตร์ครอบครัว --การส่งเสริมกิจกรรมทางกายและการให้คำปรึกษากิจกรรมทางกายในเวชศาสตร์ครอบครัว -- การส่งเสริมกิจกรรมทางกายระดับชุมชน --การส่งเสริมกิจกรรมทางกายและการให้คำปรึกษากิจกรรมทางกายระดับบุคคล --การให้คำปรึกษากิจกรรมทางกายสำหรับโรคและภาวะที่พบบ่อยในเวชศาสตร์ครอบครัว --เทคโนโลยีและนวัตกรรมสำหรับการส่งเสริมกิจกรรมทางกายและการให้คำปรึกษากิจกรรมทางกาย -- การส่งเสริมกิจกรรมทางกายในความปกติใหม่
650  4 ^aการส่งเสริมสุขภาพ
650  4 ^aการออกกำลังกาย
650  4 ^aกายบริหาร
650  4 ^aเวชศาสตร์ครอบครัว
710 2  ^aมหาวิทยาลัยวลัยลักษณ์.^bสำนักวิชาแพทยศาสตร์
945    ^p420^l0^i29291
945    ^p420^l0^i29292
945    ^p420^l0^i29293
945    ^p420^l0^i29294
945    ^p420^l0^i29295
995    ^aกัณชพร จุลอักษร
999    ^aกัณชพร
รายการนี้ยังไม่มีแท็ก
คุณยังไม่ได้ล็อกอิน คุณสามารถมีกิจกรรมร่วมกับเว็บไซต์ได้ แต่ต้องล็อกอินก่อน ::
  ล็อกอิน

รายการสื่อสารสนเทศ

ลำดับที่ ประเภท เลขเรียก/บาร์โค้ด สถานที่ สถานะ
1. หนังสือสำรอง
หนังสือสำรอง
WB460 อ251ก ฉ.1 
  Barcode: 29291
ห้องสมุดวิทยาเขตนครสวรรค์
►หนังสือทั่วไป:l:General Books
บนชั้น
2. วิทยาศาสตร์การแพทย์ และสุขภาพ
วิทยาศาสตร์การแพทย์ และสุขภาพ
WB460 อ251ก ฉ.2 
  Barcode: 29292
ห้องสมุดวิทยาเขตนครสวรรค์
►หนังสือทั่วไป:l:General Books
บนชั้น
3. วิทยาศาสตร์การแพทย์ และสุขภาพ
วิทยาศาสตร์การแพทย์ และสุขภาพ
WB460 อ251ก ฉ.3 
  Barcode: 29293
ห้องสมุดวิทยาเขตนครสวรรค์
►หนังสือทั่วไป:l:General Books
บนชั้น
4. วิทยาศาสตร์การแพทย์ และสุขภาพ
วิทยาศาสตร์การแพทย์ และสุขภาพ
WB460 อ251ก ฉ.4 
  Barcode: 29294
ห้องสมุดวิทยาเขตนครสวรรค์
►หนังสือทั่วไป:l:General Books
บนชั้น
5. วิทยาศาสตร์การแพทย์ และสุขภาพ
วิทยาศาสตร์การแพทย์ และสุขภาพ
WB460 อ251ก ฉ.5 
  Barcode: 29295
ห้องสมุดวิทยาเขตนครสวรรค์
►หนังสือทั่วไป:l:General Books
บนชั้น

รายการใกล้เคียง
    ผู้แต่ง [อภิชัย วรรธนะพิศิษฐ์]

    หัวเรื่อง [การส่งเสริมสุขภาพ]
    หัวเรื่อง [การออกกำลังกาย]
    หัวเรื่อง [กายบริหาร]
    หัวเรื่อง [เวชศาสตร์ครอบครัว]

BibComment


ยังไม่เคยถูกคอมเมนท์

คอมเมนท์ทรัพยากรรายการนี้
  คอมเมนท์: การส่งเสริมกิจกร..


 Copyright 2026. Bcnsprnw @Library